Central Library OPAC University of Rajshahi

Education and society in modern France / (Record no. 49766)

MARC details
000 -LEADER
fixed length control field 00939nam a22002652a 4500
001 - CONTROL NUMBER
control field 49766
003 - CONTROL NUMBER IDENTIFIER
rucl marc code BD-RJUL
005 - DATE AND TIME OF LATEST TRANSACTION
control field 20211209054727.0
008 - FIXED-LENGTH DATA ELEMENTS--GENERAL INFORMATION
fixed length control field 160822s1963 enka b 000 0 eng d
035 ## - SYSTEM CONTROL NUMBER
System control number BD-RJUL 49886
040 ## - CATALOGING SOURCE
Original cataloging agency DLC
Transcribing agency WSU
Modifying agency OCL
-- SER
-- UKM
-- EQO
Language of cataloging eng
041 ## - LANGUAGE CODE
Language code of text/sound track or separate title eng
082 ## - DEWEY DECIMAL CLASSIFICATION NUMBER
Classification number 370.944
Author mark and year FRE 1963
100 10 - MAIN ENTRY--PERSONAL NAME
Personal name Fraser, W. R.
9 (RLIN) 149190
245 10 - TITLE STATEMENT
Title Education and society in modern France /
Statement of responsibility, etc. by W. R. Fraser
260 ## - PUBLICATION, DISTRIBUTION, ETC. (IMPRINT)
Place of publication, distribution, etc. London :
Name of publisher, distributor, etc. Routledge & K. Paul ;
Place of publication, distribution, etc. New York :
Name of publisher, distributor, etc. Humanities Press,
Date of publication, distribution, etc. [1963]
300 ## - PHYSICAL DESCRIPTION
Pagination ix, 140 p. :
Illustrations ill. ;
Size 23 cm
490 1# - SERIES STATEMENT
Series statement International Library of Sociology and Social Reconstruction, London
504 ## - BIBLIOGRAPHY, ETC. NOTE
Bibliography, etc Bibliography: p. 135-137
650 #0 - SUBJECT ADDED ENTRY--TOPICAL TERM
Topical term or geographic name as entry element Education
Geographic subdivision France
9 (RLIN) 149150
651 #0 - SUBJECT ADDED ENTRY--GEOGRAPHIC NAME
Geographic name France
General subdivision Social conditions.
9 (RLIN) 149191
830 #0 - SERIES ADDED ENTRY--UNIFORM TITLE
Uniform title International library of sociology and social reconstruction (Routledge & Kegan Paul)
942 ## - ADDED ENTRY ELEMENTS (KOHA)
Source of classification or shelving scheme Dewey Decimal Classification
Koha item type Books
Holdings
Lost status Source of classification or shelving scheme Damaged status Not for loan Collection code Permanent Location Current Location Shelving location Date acquired Source of acquisition Cost, normal purchase price Total Checkouts Full call number Date last seen Copy number Koha item type
  Dewey Decimal Classification     Non-fiction Central Library, University of Rajshahi Central Library, University of Rajshahi   06/04/1967 euro- pak 17.40   370.944 FRE 1963 22/08/2016 C-2 Books
  Dewey Decimal Classification     Non-fiction Central Library, University of Rajshahi Central Library, University of Rajshahi   06/04/1967 euro- pak 17.40   370.944 FRE 1963 22/08/2016 C-3 Books
  Dewey Decimal Classification     Non-fiction Central Library, University of Rajshahi Central Library, University of Rajshahi   06/04/1967 euro- pak 17.40   370.944 FRE 1963 22/08/2016 C-4 Books